Wissenschaft und alltag

محفوظ في:
التفاصيل البيبلوغرافية
المؤلفون الرئيسيون: Wallner, Fritz G (مؤلف), Schimmer, Joseph (مؤلف)
التنسيق: كتاب
اللغة:الألمانية
منشور في: Viena Wilhelm Braumuller 1995
سلاسل:Collection Philosophica, 12
الموضوعات:
الوسوم: إضافة وسم
لا توجد وسوم, كن أول من يضع وسما على هذه التسجيلة!

MARC

LEADER 00000nam a2200000 a 4500
001 UCP2564
003 CL-VaPUC
008 990520e19950000AU |||||||||||||||||ger|d
082 0 4 |a 149.2  |b WAL  |2 21 
100 0 |a Wallner, Fritz G  |e author  |9 429383 
700 0 |a Schimmer, Joseph  |e author  |9 429384 
245 1 0 |a Wissenschaft und alltag 
300 |a 226 p 
942 |c BK 
945 |d 19990520 00:00:00  |a rbrito 
260 |a Viena  |b Wilhelm Braumuller  |c 1995 
650 0 |a Realismo  |9 259117 
650 0 |a Filosofía del lenguaje  |9 257082 
583 |a last modification  |c 19990520 00:00:00  |k Rodrigo Vera 
490 0 |a Collection Philosophica, 12 
999 |c 281078  |d 281076 
952 |0 0  |1 0  |4 0  |6 149_200000000000000_WAL_1995  |7 0  |8 A  |9 321716  |a BIBEDU  |b BIBEDU  |d 2019-11-20  |i 351014K  |o 149.2 WAL 1995  |p 351014K  |r 2019-11-20  |w 2019-11-20  |y BK  |k FIL